01118cam a22002897a 45000010009000000050017000090080041000260100017000670150015000840200015000990350018001140400023001320420014001550500023001690820018001921000021002102450053002312460044002842600069003283000034003975040064004316500045004956500021005408560098005618560091006598560078007501329912820170105102347.0030801s2003 nyua b 001 0 eng d a 2003276062 aGBA3-Z2126 a0471200239 a(DLC)13299128 aUKMcUKMdNICdDLC alccopycat00aTK6560b.E333 200304a621.384122211 aEgan, William F.10a Practical RF system designcWilliam F. Egan.3 aPractical radio frequency system design aNew York :bIEEE ;aHoboken, N.J. :bWiley-Interscience,cc2003. axxv, 386 p. :bill. ;c25 cm. aIncludes bibliographical references (p. 371-377) and index. 0aRadio circuitsxDesign and construction. 0aRadio frequency.423Contributor biographical informationuhttp://www.loc.gov/catdir/bios/wiley046/2003276062.html423Publisher descriptionuhttp://www.loc.gov/catdir/description/wiley0310/2003276062.html413Table of contentsuhttp://www.loc.gov/catdir/toc/wiley032/2003276062.html